000 00322nam a2200145Ia 4500
008 191201s2005 xx 000 0 und d
082 _a429
_bBAS
100 _aBANSAL, R K
245 0 _aSpoken English
250 _a2nd
260 _aN.Delhi
_bOrient Longman
_c2005
300 _a191
650 _aApplied
942 _2ddc
_cBK
999 _c917
_d917